| 000 | 00375nam a2200133Ia 4500 | ||
|---|---|---|---|
| 008 | 211118s9999||||xx |||||||||||||| ||und|| | ||
| 082 |
_a909 _bKET-H |
||
| 100 | _aKetelbey, C D M | ||
| 245 | 0 | _aHistroy of Modern Times Frm 1789 | |
| 260 |
_bOxford _aNew York _c2000 |
||
| 630 | _xMBA LIBRARY | ||
| 650 |
_ahistory and geography _vphilosophy and theoryManagement |
||
| 942 | _cBOOK | ||
| 999 |
_c98973 _d98973 |
||